000 00433nam a22001697a 4500
003 NUST - PNEC
005 20170116181135.0
008 151007b xxu||||| |||| 00| 0 eng d
020 _a-
040 _cLIBRARY
082 _a891.4393 NAZ
100 _914249
_aNazeer, Ahmed Deputy
245 _aFasana e mubtala
_cDeputy Nazeer Ahmed
260 _aLahore:
_c1995
650 _914251
_aUrdu Literature
_xGeneral
942 _2ddc
_cBK
999 _c70197
_d70197